| 000 | 00458cam a22001571 4500 | ||
|---|---|---|---|
| 020 | _a0471522791 | ||
| 040 | _cFMU | ||
| 082 | _a631 MIL 1943 C260 Or. | ||
| 100 | 1 | _aMillar, Charles Ernest, | |
| 245 | 1 | 0 | _aFundamentals of soil science |
| 260 |
_aNew York, _bJ. Wiley & sons, inc.; _aLondon, _bChapman & Hall, limited _c[1943] |
||
| 300 |
_axi, 462 p. _billus., maps (1 double) diagrs. _c23 cm. |
||
| 650 | 0 | _aSoils. | |
| 700 | 1 | _aTurk, L. M. | |
| 942 | _cAEDBB | ||
| 999 |
_c22354 _d22354 |
||